| 000 | 00687nam a2200157 a 4500 | ||
|---|---|---|---|
| 001 | 000034634 | ||
| 005 | 20200930073816.0 | ||
| 008 | 111011s1891 sp 000 0 spa d | ||
| 040 |
_aDO-SdBNP _bspa _cBNPHU |
||
| 082 |
_axxx _bB582c |
||
| 110 | 2 |
_aBiblioteca Colombina _960068 |
|
| 245 | 1 | 0 |
_aCatálogo de sus libros impresos. / _cpublicado por primera vez en virtud de acuerdo del Excmo, é Ilmo. Sr. Deán y Cabildo de la santa metropolitana y patriarcal iglesia de Sevilla bajo la inmediata dirección de su bibliotecario el Ilmo. Sr. Dr. D. Servando Arbolí y Faraudo. |
| 260 |
_aSevilla, : _bE. Rasco, _c1891. |
||
| 300 |
_av. ; _c24 cm. |
||
| 500 | _aeste ejemplar trabajado es el v. 2 | ||
| 999 |
_c34125 _d34125 |
||